000
00342nam a2200133Ia 4500
008
240624s9999 xx 000 0 und d
041
_a
eng
082
_a
658.5 CHA
100
_a
CHAKRAVARTY AMIYA K
245
_a
MARKET DRIVEN ENTERPRISES PRODUCT DEVELO
260
_c
2001
_a
New York
_b
John Wiley
300
_a
xiv, : 514p. ; 23cm.
365
_c
999
_c
4113
_d
4113